| 000 | 00952nam a2200229Ia 4500 | ||
|---|---|---|---|
| 005 | 20211108100040.0 | ||
| 008 | 130821s xxu gr spa | ||
| 040 |
_aCo-BoUCM _bspa _cJose A. Gerena (modificó) _dAldemar Mondragón (modificó) |
||
| 041 | _aspa | ||
| 111 |
_aConferencia interamericana de arbitraje comercial _cWashington, Estados Unidos _d1992 _nXI _983134 |
||
| 240 | _aMemorias | ||
| 245 | 1 | 3 |
_aLa XI conferencia interamericana de arbitraje comercial _cInter-American Commercial Arbitration Commission |
| 260 |
_aWashington _bInter-American Commercial Arbitration Commission _c1992 |
||
| 300 | _apáginas volúmenes | ||
| 650 | 0 | 4 |
_aArbitramento comercial _xLegislación _99304 |
| 650 | 0 | 4 |
_aDerecho comercial _912717 |
| 650 | 0 | 4 |
_aDerecho comercial _zEspaña _912720 |
| 650 | 0 | 4 |
_aDerecho internacional _912776 |
| 650 | 0 | 4 |
_aLaudo arbitral _918291 |
| 942 |
_cLIBRO _a8 _e1 _mC748 _2DEWEY _h346.07 |
||
| 999 |
_c3838 _d3838 |
||